000 00453nam a22001697a 4500
003 OSt
005 20120302145137.0
008 090422t xxu||||| |||| 00| 0 eng d
035 _a३०६२
040 _cमराठी
100 _aभावे, अपर्णा
_93889
245 _aफ़सगत
250 _a१ ली
260 _aपुणे
_bतरवडे
_c१९७८
300 _b६५ पाने
942 _2ddc
_cBOOK
999 _c489051
_d489048